000 00890nam a2200229 i 4500
001 18053
003 ES-MaACL
005 20240416175357.0
007 t|
008 010906s1995 sp |||| | spa d
080 _a641.87(460.12)
080 _a663(460.12)
100 0 _aGómez-Tabanera, José Manuel,
_d1926-2011
_958165
245 1 0 _aNotas para una historia natural y moral de sidra, cerveza y vino en el Principado de Asturias /
_cJosé M. Gómez-Tabanera.
260 _a[Mérida] :
_bJunta de Extremadura, Dirección General de Comercio e Industrias Agrarias,
_c[1995]
300 _ap. 563-578 ;
_c22 cm.
595 _aSeparata de : XVI Jornadas de Viticultura y Enología de Tierra de Barros (Almendralejo, 9-13 de mayo de 1994)
650 7 _aVinos-
_zEspaña
_2
_9142243
710 1 _aExtremadura.
_bJunta.
_9150011
852 _aES-MaACL
_j2167-F-7
999 _c18053
_d18053